000 00776nam a2200193 a 4500
008 071212s1973 ||||||||||||||||| || u
020 _a0136416543
050 _aHD 38 Fre
100 _aFrench, Wendell L
245 1 0 _aOrganizational development: behavioral science interventions for organizational improvement
_cWendell L. French; Cecil H. Bell, jr
260 _aEnglewood Cliffs, N. J.:
_bFT Prentice-Hall
_c1973
300 _axvi, 207p. ill.
350 _a0.00
650 0 _aMANAGEMENT
650 0 _aORGANIZATIONAL CHANGE
650 _aORGANIZATIONAL DEVELOPMENT
700 _aBell, Cecil H., jr
995 _D0.00
_FCBU-MAIN LIBRARY (Kitwe)
_H1
_I0.00
_M1
_UAVAILABLE
_WDec 12, 2007
_ZMain Library Open Access Collection
999 _c52889
_d52889